CPO system to be made easier (Record no. 70859)
[ view plain ]
| 000 -LEADER | |
|---|---|
| fixed length control field | 00995cam a2200193 4500 |
| 001 - CONTROL NUMBER | |
| control field | WB3828-02 |
| 008 - FIXED-LENGTH DATA ELEMENTS--GENERAL INFORMATION | |
| fixed length control field | 020731n2002 000 0 eng u |
| 035 ## - SYSTEM CONTROL NUMBER | |
| System control number | (Sirsi) u119126 |
| 245 ## - TITLE STATEMENT | |
| Title | CPO system to be made easier |
| 260 ## - PUBLICATION, DISTRIBUTION, ETC. | |
| Date of publication, distribution, etc. | 2002 |
| 490 ## - SERIES STATEMENT | |
| Series statement | Regeneration and Renewal |
| Volume/sequential designation | 26 july 2002, 1(1) |
| 520 ## - SUMMARY, ETC. | |
| Summary, etc. | Law Commission has unveiled plans to streamline compulsory purchase system to enable local authorities to more easily take ownership of land for regeneration purposes. Consultative report proposes to simplify current procedures, and introduce new compensation code. Deadline for responses is October, with final recommendations early 2003. "Towards a compulsory purchase code: compensation" can be viewed at www.lawcom.gov.uk/library/lib-comp.htm#libcp165 |
| 590 ## - LOCAL NOTE (RLIN) | |
| Local note | WB |
| 650 ## - SUBJECT ADDED ENTRY--TOPICAL TERM | |
| Topical term or geographic name entry element | REGENERATION |
| 650 ## - SUBJECT ADDED ENTRY--TOPICAL TERM | |
| Topical term or geographic name entry element | CPO |
| 650 ## - SUBJECT ADDED ENTRY--TOPICAL TERM | |
| Topical term or geographic name entry element | PLANNING PROCEDURE |
| 690 ## - LOCAL SUBJECT ADDED ENTRY--TOPICAL TERM (OCLC, RLIN) | |
| Topical term or geographic name as entry element | ENVIRONMENTAL AND LAND CONSULTANCY-PLANNING AND DEVELOPMENT-COMPULSORY PURCHASE AND COMPENSATION |
| 942 ## - ADDED ENTRY ELEMENTS (KOHA) | |
| Suppress in OPAC | 0 |
| Withdrawn status | Lost status | Source of classification or shelving scheme | Damaged status | Not for loan | Home library | Current library | Shelving location | Date acquired | Total Checkouts | Full call number | Barcode | Date last seen | Copy number | Price effective from | Koha item type |
|---|---|---|---|---|---|---|---|---|---|---|---|---|---|---|---|
| Dewey Decimal Classification | London | London | News article | 31/07/2002 | WB3828-02 | 119126-1001 | 06/08/2019 | 1 | 06/08/2019 | News article |